000 00539nam a22001817a 4500
005 20251108171854.0
008 250721s1994 xx 000 0 ara d
082 1 4 _a628.168/اعو
100 1 _aالأعوج، طلعت إبراهيم
245 1 0 _aالتلوث المائي /
264 1 _aالقاهرة :
_bالهيئة المصرية العامة للكتاب،
_c1994.
300 _a
490 0 _aالعلم و الحياة ؛ 39
650 1 7 _aالتلوث
650 1 7 _aالمياه
942 _2ddc
_cBK
999 _c64821
_d64821